[Event "CPA Zevio 2017"]
[Site "?"]
[Date "2017.01.14"]
[Round "1.1"]
[White "Goldoni, Claudio"]
[Black "Tencheni, Maurizio"]
[Result "1-0"]
[WhiteElo "2025"]
[BlackElo "1690"]
[PlyCount "115"]

1. e4 c5 2. Nf3 e6 3. c4 b6 4. Nc3 Bb7 5. d4 cxd4 6. Nxd4 a6 7. Bd3 d6 8. O-O
Nf6 9. Be3 Be7 10. f3 O-O 11. Qd2 Nbd7 12. Rfd1 Qc7 13. Rac1 Rac8 14. Bf1 Qb8
15. Na4 Bd8 16. Nb3 Bc7 17. g3 Rfd8 18. Qf2 Nc5 19. Nc3 Nfd7 20. Nd4 Ne5 21. b4
Ncd7 22. Be2 Nc6 23. a3 Nxd4 24. Bxd4 Rf8 25. Bd3 Rcd8 26. Be3 Qa8 27. Na4 b5
28. cxb5 axb5 29. Bxb5 Qb8 30. Ba7 Qc8 31. Rc2 Ba6 32. Bxa6 Qxa6 33. Rxc7 Qxa4
34. Rxd6 Ne5 35. Rxd8 Rxd8 36. Bd4 Qd1+ 37. Kg2 f6 38. Bc3 Qd6 39. Bxe5 Qxe5
40. Rc2 Ra8 41. Qe3 Qa1 42. Rc3 e5 43. Qd3 Qa2+ 44. Kh3 Qe6+ 45. g4 h5 46. Qd5
hxg4+ 47. fxg4 Qxd5 48. exd5 Ra7 49. Kg3 Kf7 50. Kf3 Ke7 51. Ke4 Kd7 52. h3 Kd8
53. g5 Ke7 54. Rb3 Kd6 55. Rc3 Kd7 56. Kf5 Ra6 57. b5 Rd6 58. Ke4 1-0

[Event "CPA Zevio 2017"]
[Site "?"]
[Date "2017.01.14"]
[Round "1.2"]
[White "Zenti, Edoardo"]
[Black "Zenari, Marco"]
[Result "0-1"]
[WhiteElo "1676"]
[BlackElo "2024"]
[PlyCount "114"]

1. e4 c5 2. Nf3 d6 3. d4 cxd4 4. Qxd4 Nc6 5. Bb5 Bd7 6. Bxc6 Bxc6 7. Nc3 Nf6 8.
Bg5 e6 9. O-O-O Be7 10. Kb1 O-O 11. h4 h6 12. e5 dxe5 13. Qxe5 Qb8 14. Bxf6
Bxf6 15. Qe3 Qc7 16. Ne4 Bxe4 17. Qxe4 Qb6 18. b3 Qa5 19. Ng5 Rfd8 20. Qh7+ Kf8
21. Ne4 Qe5 22. Nxf6 Qxf6 23. g4 Rac8 24. g5 {(=)} Qc3 25. gxh6 g6 26. Rxd8+
Rxd8 27. h5 Rd2 28. Rc1 Qf6 29. hxg6 Qxg6 30. Qh8+ Qg8 31. Qc3 Rd8 32. Rh1 Qh7
33. Qf6 Rd2 34. Qc3 Rd7 35. Qc5+ Ke8 36. Rg1 b6 37. Qg5 Kf8 38. Qf6 Rd2 39. Qc3
Qxh6 40. Qc8+ Ke7 41. Qb7+ Rd7 42. Qe4 Qh2 43. Qb4+ Rd6 44. Rd1 a5 45. Qa3 Qf4
46. Qxd6+ Qxd6 47. Rxd6 Kxd6 48. Kc1 Kd5 49. f3 e5 50. Kd2 e4 51. fxe4+ Kxe4
52. a4 f5 53. c3 f4 54. b4 f3 55. bxa5 bxa5 56. c4 Kd4 57. c5 Kxc5 0-1

[Event "CPA Zevio 2017"]
[Site "?"]
[Date "2017.01.14"]
[Round "1.3"]
[White "Oppici, Gabriele"]
[Black "Antolini, Aldo"]
[Result "1-0"]
[WhiteElo "2018"]
[BlackElo "1660"]
[PlyCount "117"]
[EventDate "2017.??.??"]

1. d4 d5 2. Nf3 Nf6 3. Bf4 e6 4. e3 Bd6 5. Bg3 O-O 6. Bd3 Nc6 7. c3 Re8 8. Ne5
Ne7 9. Nd2 c5 10. O-O c4 11. Bc2 Qc7 12. e4 b5 13. Re1 Bb7 14. Ng4 Nxe4 15.
Nxe4 dxe4 16. Qd2 Bxg3 17. hxg3 Ng6 18. Qg5 f5 19. Nh2 Qe7 20. Qh5 Qf6 21. f3
exf3 22. Nxf3 Bxf3 23. Qxf3 a6 24. Re2 Rab8 25. Rae1 Qf7 26. Qc6 Nf8 27. Qxa6
g6 28. Re5 Qb7 29. Qxb7 Rxb7 30. d5 Kf7 31. Bd1 Rb6 32. a4 Kf6 33. axb5 Nd7 34.
Rxe6+ Rexe6 35. Rxe6+ Rxe6 36. dxe6 Kxe6 37. b3 cxb3 38. Bxb3+ Kd6 39. Kf2 Kc5
40. Bf7 Nf6 41. c4 Ng4+ 42. Ke2 Nf6 43. Ke3 Ng4+ 44. Kf4 Nf6 45. Kg5 Ne4+ 46.
Kh6 Nxg3 47. Kxh7 g5 48. Kg6 g4 49. Kg5 Nf1 50. Kf4 Kd6 51. Bd5 Kc5 52. Kxf5 g3
53. Kf4 Kd6 54. b6 Nd2 55. Kxg3 Nb3 56. Kf4 Nc5 57. g4 Nd7 58. b7 Kc7 59. g5
1-0

[Event "CPA Zevio 2017"]
[Site "?"]
[Date "2017.01.14"]
[Round "1.5"]
[White "Ferrara, Pietro"]
[Black "Benedetti, Maurizio"]
[Result "1-0"]
[WhiteElo "1915"]
[BlackElo "1635"]
[PlyCount "53"]

1. e4 c5 2. Nf3 d6 3. d4 cxd4 4. Nxd4 Nf6 5. Nc3 e6 6. Bc4 Nc6 7. O-O Bd7 8.
Ndb5 Qb8 9. Bg5 a6 10. Nd4 Be7 11. Kh1 Nxd4 12. Qxd4 O-O 13. f4 Re8 14. e5 Ng4
15. Bxe7 Rxe7 16. exd6 Re8 17. Ne4 Bc6 18. Ng5 Qa7 19. Qxa7 Rxa7 20. f5 Ne3 21.
fxe6 fxe6 22. Bxe6+ Rxe6 23. Nxe6 Bxg2+ 24. Kg1 Bxf1 25. Rxf1 Nxf1 26. d7 Ra8
27. Kxf1 1-0

[Event "CPA Zevio 2017"]
[Site "?"]
[Date "2017.01.14"]
[Round "1.6"]
[White "Cataldo, Leone"]
[Black "Dalla Vecchia, Paolo"]
[Result "0-1"]
[WhiteElo "1620"]
[BlackElo "1872"]
[PlyCount "68"]
[EventDate "2017.??.??"]

1. e4 e6 2. d4 d5 3. e5 c5 4. c3 Nc6 5. Nf3 Qb6 6. a3 c4 7. Be2 f6 8. exf6 Nxf6
9. Nbd2 Bd6 10. b3 cxb3 11. Qxb3 Qxb3 12. Nxb3 O-O 13. O-O b6 14. Bd3 e5 15.
dxe5 Nxe5 16. Nxe5 Bxe5 17. Bb2 Bd7 18. f4 Bd6 19. c4 Ng4 20. h3 Ne3 21. Rf3
Nxc4 22. Bc1 Ba4 23. Nd2 Rxf4 24. Rxf4 Bxf4 25. Nxc4 Bxc1 26. Ne5 Bb2 27. Re1
Bc3 28. Re2 Bd1 29. Nc6 Bxe2 30. Bxe2 Re8 31. Bf3 d4 32. Kf1 d3 33. Kf2 Re1 34.
Nxa7 d2 0-1

[Event "CPA Zevio 2017"]
[Site "?"]
[Date "2017.01.14"]
[Round "1.7"]
[White "Steccanella, Willy"]
[Black "Menini, Luca"]
[Result "1/2-1/2"]
[WhiteElo "1859"]
[BlackElo "1612"]
[PlyCount "67"]
[EventDate "2017.??.??"]

1. e4 Nf6 2. e5 Nd5 3. d4 d6 4. c4 Nb6 5. exd6 exd6 6. Nc3 Bf5 7. Bd3 Bxd3 8.
Qxd3 Be7 9. Nf3 N8d7 10. Bf4 O-O 11. O-O Nf6 12. h3 Re8 13. Rfe1 h6 14. Re3 Qd7
15. a4 a5 16. b3 c6 17. Rae1 Bf8 18. Nd2 Rxe3 19. Rxe3 Re8 20. Nde4 Nh5 21. Bh2
f5 22. Nxd6 Rxe3 23. Qxe3 Bxd6 24. Bxd6 Qxd6 25. c5 Qd7 26. cxb6 Nf6 27. Qe5
Qe8 28. Qxe8+ Nxe8 29. d5 cxd5 30. Nxd5 Nd6 31. f3 Kf7 32. Kf2 Ke6 33. Nf4+ Ke5
34. Ke3 1/2-1/2

[Event "CPA Zevio 2017"]
[Site "?"]
[Date "2017.01.14"]
[Round "1.8"]
[White "Perantoni, Matteo"]
[Black "Pieropan, Giorgio"]
[Result "0-1"]
[WhiteElo "1611"]
[BlackElo "1836"]
[PlyCount "74"]
[EventDate "2017.??.??"]

1. e4 d6 2. d4 Nf6 3. Nc3 g6 4. Bg5 Bg7 5. Nf3 c6 6. Bc4 b5 7. Bd3 a6 8. Qd2
Nbd7 9. O-O Bb7 10. h3 c5 11. d5 c4 12. Be2 b4 13. Nd1 c3 14. bxc3 Nxe4 15. Qe3
Nxc3 16. Nxc3 Bxc3 17. Rab1 Nf6 18. Bxf6 Bxf6 19. Rxb4 Bxd5 20. Qa3 O-O 21.
Rfb1 Qc7 22. Qa4 a5 23. Rb6 Qc3 24. Rd1 Be6 25. Bd3 Rfc8 26. Rdb1 Bd5 27. Ne1
Bd4 28. R6b5 Bc6 29. Qb3 Bxb5 30. Bxb5 Qxb3 31. cxb3 Rc3 32. Bd3 Rac8 33. Kf1
Rc1 34. Rxc1 Rxc1 35. Ke2 Ra1 36. a4 Ra2+ 37. Bc2 Bc3 0-1

[Event "CPA Zevio 2017"]
[Site "?"]
[Date "2017.01.14"]
[Round "1.10"]
[White "Levan, Alessandro"]
[Black "Negro, Raffaele"]
[Result "0-1"]
[WhiteElo "1590"]
[BlackElo "1804"]
[PlyCount "94"]
[EventDate "2017.??.??"]

1. e4 g6 2. d4 Bg7 3. Bc4 a6 4. f4 e6 5. e5 b5 6. Bb3 Bb7 7. Nf3 Ne7 8. O-O
Nbc6 9. c3 Nf5 10. g4 Nh4 11. Nxh4 Qxh4 12. Bc2 Na5 13. Nd2 f5 14. exf6 Bxf6
15. Be4 Bxe4 16. Nxe4 Be7 17. Qf3 O-O 18. Qg3 Qxg3+ 19. hxg3 Nc4 20. b3 Nb6 21.
Bd2 a5 22. Kg2 a4 23. Rh1 Ra6 24. Nf2 axb3 25. axb3 Rfa8 26. Rae1 Ra2 27. Bc1
Rc2 28. f5 Raa2 29. Rhf1 Rxc3 30. fxe6 dxe6 31. Rxe6 Bd6 32. Kh1 Bxg3 33. Bh6
Kf7 34. Rfe1 Nd5 35. Re8 Bd6 36. Rh8 Nf6 37. g5 Rxf2 38. gxf6 Rh2+ 39. Kg1 Rxh6
40. Ree8 Rc1+ 41. Kf2 Rh2+ 42. Kf3 Rc3+ 43. Ke4 Re2+ 44. Kd5 Rxe8 45. Rxh7+
Kxf6 46. Rd7 Rxb3 47. Kc6 b4 0-1

[Event "CPA Zevio 2017"]
[Site "?"]
[Date "2017.01.14"]
[Round "1.11"]
[White "Di Giovanni, Giuseppe"]
[Black "Zonta, Riccardo"]
[Result "1-0"]
[WhiteElo "1784"]
[BlackElo "1582"]
[PlyCount "117"]
[EventDate "2017.??.??"]

1. e4 d5 2. exd5 Qxd5 3. Nc3 Qd8 4. d4 Nf6 5. h3 c6 6. Nf3 e6 7. Bd3 Be7 8. O-O
Nbd7 9. Bf4 O-O 10. Re1 Re8 11. Qd2 Nb6 12. Ne4 Nbd5 13. Bh2 Nxe4 14. Rxe4 Nf6
15. Re2 Bd6 16. Ne5 Qc7 17. c4 c5 18. dxc5 Qxc5 19. a3 a5 20. Rb1 b6 21. b4
axb4 22. axb4 Qc7 23. f4 Bb7 24. Bg3 Red8 25. Qc2 Rac8 26. Bf2 Nd7 27. Bxh7+
Kf8 28. Nxf7 Re8 29. Nxd6 Qxd6 30. Rd1 Qc7 31. Bg6 Re7 32. Red2 Nf6 33. c5 Qc6
34. Rd8+ Re8 35. Rxe8+ Nxe8 36. Be3 Nf6 37. Rd6 Qxd6 38. cxd6 Rxc2 39. Bxc2 Nd7
40. Kf2 Bd5 41. f5 Bc4 42. Kg3 Kf7 43. fxe6+ Kxe6 44. Bf4 b5 45. Kg4 Nf6+ 46.
Kg5 Bf1 47. Bf5+ Kf7 48. g3 Bg2 49. Be3 Bc6 50. Bd4 Nd7 51. h4 Nf8 52. h5 Nd7
53. Bg6+ Kg8 54. Kf4 Nf8 55. Ke5 Nd7+ 56. Ke6 Nf8+ 57. Ke7 Nd7 58. Bf7+ Kh8 59.
h6 1-0

[Event "CPA Zevio 2017"]
[Site "?"]
[Date "2017.01.14"]
[Round "1.12"]
[White "Avanzini, Angelo"]
[Black "Magnabosco, Mauro Denis"]
[Result "1-0"]
[WhiteElo "1522"]
[BlackElo "1767"]
[PlyCount "67"]
[EventDate "2017.??.??"]

1. e4 c5 2. Nf3 e6 3. c3 Nf6 4. e5 Nd5 5. d4 cxd4 6. cxd4 d6 7. Bb5+ Nc6 8. O-O
Bd7 9. Nc3 Nxc3 10. bxc3 d5 11. a4 Be7 12. Re1 a6 13. Bxc6 Bxc6 14. Ba3 Bxa3
15. Rxa3 O-O 16. Qc2 Rc8 17. Rb1 Qe7 18. Raa1 Rc7 19. Nd2 Rfc8 20. Nb3 b6 21.
a5 Bb5 22. axb6 Rxc3 23. Qd1 R3c4 24. Nc5 Qd8 25. b7 Rb8 26. Rxa6 Bxa6 27. Nxa6
g6 28. Nxb8 Qxb8 29. f4 Rc7 30. Qb3 h5 31. Qb6 Re7 32. Qc6 Kg7 33. Qc8 Qa7 34.
b8=Q 1-0

[Event "CPA Zevio 2017"]
[Site "?"]
[Date "2017.01.14"]
[Round "1.13"]
[White "De Paoli, Emilio"]
[Black "Martinelli, Franco"]
[Result "1-0"]
[WhiteElo "1765"]
[BlackElo "1514"]
[PlyCount "121"]

1. e4 d6 2. b3 e5 3. f4 g6 4. Nf3 Bg7 5. Bc4 Be6 6. Bxe6 fxe6 7. fxe5 Ne7 8.
exd6 Bxa1 9. dxe7 Qxe7 10. c3 Qc5 11. Ba3 Qb6 12. d4 Qa6 13. Qc1 Qd3 14. Kf2
Nc6 15. d5 Na5 16. Bb4 Qb5 17. Na3 Qb6+ 18. Kg3 O-O-O 19. Qxa1 exd5 20. Qg1
Qxg1 21. Rxg1 dxe4 22. Ne5 Rd5 23. Nac4 Nxc4 24. Nxc4 Re8 25. Re1 c5 26. Bxc5
Kb8 27. Bd4 Rf5 28. Nd6 Rg5+ 29. Kh4 Rh5+ 30. Kg3 Re6 31. Nxe4 b6 32. h3 Rf5
33. Re3 g5 34. Rf3 Ra5 35. a4 Rxe4 36. Rf8+ Kb7 37. Rf7+ Kc6 38. Kf3 Re1 39.
Rxh7 Rf5+ 40. Kg4 Ref1 41. Rxa7 R1f4+ 42. Kg3 Rf8 43. b4 Rf1 44. Rg7 Ra1 45.
Rxg5 Rxa4 46. Rg6+ Kb5 47. Rxb6+ Kc4 48. Rc6+ Kb5 49. Rc5+ Ka6 50. Ra5+ Rxa5
51. bxa5 Kxa5 52. Kh4 Rg8 53. g4 Kb5 54. g5 Kc6 55. Kh5 Kd5 56. g6 Ke6 57. Kg5
Rf8 58. h4 Rf1 59. h5 Rf3 60. Kg4 Rf1 61. h6 1-0

[Event "CPA Zevio 2017"]
[Site "?"]
[Date "2017.01.14"]
[Round "1.14"]
[White "Kapllani, Shpetim"]
[Black "Gneo, Marco"]
[Result "0-1"]
[WhiteElo "1449"]
[BlackElo "1755"]
[PlyCount "46"]
[EventDate "2017.??.??"]

1. d4 d5 2. Nf3 Nf6 3. c4 e6 4. a3 c6 5. e3 Bd6 6. Nc3 O-O 7. Be2 Nbd7 8. O-O
Re8 9. cxd5 exd5 10. Qc2 Ne4 11. Bd3 Ndf6 12. Nd2 Nxd2 13. Bxd2 Bxh2+ 14. Kh1
Bd6 15. Ne2 h5 16. f4 Ng4 17. Ng1 Nxe3 18. Bxe3 Rxe3 19. Rae1 Qh4+ 20. Nh3 Rxe1
21. Rxe1 Qxe1+ 22. Kh2 Bxh3 23. Kxh3 Bxf4 0-1

[Event "CPA Zevio 2017"]
[Site "?"]
[Date "2017.01.14"]
[Round "1.15"]
[White "Peloni, Davide"]
[Black "Nori, Marco"]
[Result "1-0"]
[WhiteElo "1742"]
[BlackElo "1440"]
[PlyCount "101"]

1. e4 c5 2. Nc3 e6 3. f4 a6 4. Nf3 d6 5. Bc4 Nf6 6. O-O Be7 7. a4 O-O 8. d3
Nbd7 9. Be3 b6 10. d4 Bb7 11. Qd3 h6 12. Rae1 Ng4 13. d5 exd5 14. Nxd5 Nxe3 15.
Qxe3 Bh4 16. Nxh4 Qxh4 17. Nc7 Ra7 18. Qd3 Qg4 19. Qxd6 Nf6 20. Bd3 c4 21. Qxb6
cxd3 22. cxd3 Qd7 23. Qxa7 Qxc7 24. Rc1 Qd7 25. Qb6 Rc8 26. Rxc8+ Qxc8 27. Qb3
Qd7 28. Rc1 Bc6 29. a5 Bb5 30. Rc3 Ng4 31. Qb4 Qa7+ 32. d4 Qb7 33. d5 Qa7+ 34.
Qc5 Qxc5+ 35. Rxc5 Nf6 36. Rc8+ Kh7 37. Rc7 Nxe4 38. Rxf7 Kg6 39. Re7 Nd6 40.
Re6+ Kf5 41. Rxd6 Kxf4 42. Rd8 Ke5 43. b3 Kd4 44. d6 Kd5 45. Kf2 Kc5 46. Rb8
Kxd6 47. Rxb5 axb5 48. b4 g5 49. Ke3 h5 50. Kd4 h4 51. h3 1-0

[Event "CPA Zevio 2017"]
[Site "?"]
[Date "2017.01.14"]
[Round "1.16"]
[White "Rizzi, Matilde"]
[Black "Abdelaziz, Jimchi"]
[Result "0-1"]
[WhiteElo "1389"]
[BlackElo "1720"]
[PlyCount "70"]
[EventDate "2017.??.??"]

1. e4 d5 2. exd5 Qxd5 3. Nc3 Qd6 4. Bc4 a6 5. Qf3 Nf6 6. h3 Nc6 7. Nge2 e6 8.
a3 Ne5 9. Qf4 Nxc4 10. Qxc4 b5 11. Qd4 Bb7 12. Qxd6 Bxd6 13. O-O O-O 14. d3 h6
15. Re1 Rac8 16. b4 c5 17. bxc5 Bxc5 18. Bd2 Rfd8 19. Rec1 Bd6 20. Nd1 Be5 21.
Rab1 Bd5 22. c3 Bd6 23. Ra1 e5 24. f3 Nd7 25. Ne3 Be6 26. d4 Bc4 27. Nxc4 Rxc4
28. dxe5 Nxe5 29. Nd4 Bc5 30. Be3 Nc6 31. Kh1 Nxd4 32. Bxd4 Bxd4 33. cxd4 Rdxd4
34. Re1 Ra4 35. Reb1 Rd3 0-1

[Event "CPA Zevio 2017"]
[Site "?"]
[Date "2017.01.14"]
[Round "1.17"]
[White "Fiscato, Claudio"]
[Black "Venturini, Valter"]
[Result "1-0"]
[WhiteElo "1703"]
[BlackElo "1359"]
[PlyCount "101"]
[EventDate "2017.??.??"]

1. e4 b6 2. d4 Bb7 3. Bd3 Nf6 4. Nd2 e6 5. Ngf3 d6 6. O-O g6 7. Re1 Bg7 8. Nf1
h6 9. Ng3 Nbd7 10. h3 a6 11. Be3 c5 12. c3 Qc7 13. Rc1 c4 14. Bb1 b5 15. Qd2 g5
16. Nh2 O-O-O 17. b3 Nb6 18. Qc2 h5 19. Bxg5 h4 20. Ngf1 Rhg8 21. Qd2 Rh8 22.
Nf3 Rdg8 23. Bxh4 Bh6 24. Bg5 Bxg5 25. Nxg5 Qe7 26. Ng3 Nfd7 27. Nf3 Kb8 28.
Bc2 Rg7 29. Ra1 Rhg8 30. Kh2 Nf6 31. Rg1 d5 32. e5 Ng4+ 33. Kh1 Rh8 34. Rgf1 f5
35. Kg1 Rgh7 36. Qg5 Qf7 37. hxg4 f4 38. Bxh7 fxg3 39. Bc2 Rg8 40. Qf6 Qe8 41.
Qh4 Rh8 42. Qxg3 Rh6 43. Nh2 Nd7 44. f4 Nf8 45. f5 Nh7 46. Qf4 Rh4 47. Nf3 Qe7
48. f6 Nxf6 49. exf6+ Qc7 50. Qxc7+ Kxc7 51. Nxh4 1-0

[Event "CPA Zevio 2017"]
[Site "?"]
[Date "2017.01.14"]
[Round "1.18"]
[White "Pizzamano, Maria"]
[Black "Pisani, Valerio"]
[Result "1-0"]
[WhiteElo "1349"]
[BlackElo "1702"]
[PlyCount "123"]
[EventDate "2017.??.??"]

1. e4 g6 2. d4 Bg7 3. Nf3 d6 4. h3 Nf6 5. Bd3 O-O 6. O-O Nbd7 7. Bg5 c5 8. c3
a6 9. Nbd2 b5 10. c4 cxd4 11. Nxd4 Ne5 12. Qc2 b4 13. b3 Bb7 14. Rfe1 Nfd7 15.
Rad1 h6 16. Bh4 Nc5 17. Be2 a5 18. f4 Ned7 19. Nb5 Qb6 20. Bxe7 Nxe4+ 21. Kh2
Qe3 22. Nxe4 Bxe4 23. Qd2 Qxd2 24. Rxd2 Rfe8 25. Bxd6 Bc3 26. Nxc3 bxc3 27.
Rdd1 Re6 28. Bf3 Bxf3 29. gxf3 Rae8 30. Rxe6 Rxe6 31. Rc1 Rxd6 32. Rxc3 Rd2+
33. Kg3 Rxa2 34. c5 Ra3 35. c6 Nb6 36. c7 a4 37. Rc6 Nc8 38. Ra6 Kg7 39. bxa4
Kf8 40. Ra8 Ke7 41. Rxc8 Kd7 42. Rf8 Rc3 43. Rxf7+ Kc8 44. a5 Rc6 45. Rg7 Kb7
46. Kg4 Ka6 47. Rh7 h5+ 48. Kg5 Kxa5 49. c8=Q Rxc8 50. Kxg6 Rc3 51. Rxh5+ Kb6
52. h4 Rxf3 53. f5 Kc6 54. Rg5 Kd7 55. h5 Ke8 56. Kg7 Rd3 57. h6 Rd7+ 58. Kg6
Kf8 59. f6 Kg8 60. Rh5 Kh8 61. Re5 Rd8 62. f7 1-0

[Event "CPA Zevio 2017"]
[Site "?"]
[Date "2017.01.15"]
[Round "2.1"]
[White "Gneo, Marco"]
[Black "Goldoni, Claudio"]
[Result "1-0"]
[WhiteElo "1755"]
[BlackElo "2025"]
[PlyCount "69"]
[EventDate "2017.??.??"]

1. d4 d5 2. c4 e6 3. Nc3 Nf6 4. Nf3 Be7 5. Bg5 h6 6. Bh4 a6 7. e3 O-O 8. Rc1
Re8 9. Bd3 dxc4 10. Bxc4 b5 11. Be2 Bb7 12. O-O Nbd7 13. Qc2 Rc8 14. Rfd1 c5
15. dxc5 Rxc5 16. b4 Rc8 17. Qb2 Qb6 18. a4 Bxf3 19. a5 Qa7 20. Bxf3 Rc4 21.
Bg3 Bxb4 22. Nxb5 axb5 23. Rxc4 bxc4 24. Qxb4 Rc8 25. Bb7 Rc5 26. a6 Nd5 27.
Qa3 c3 28. h3 c2 29. Rc1 Nc3 30. Rxc2 Nb5 31. Qd3 Rxc2 32. Qxc2 Nc5 33. Bc6 Qb6
34. Bxb5 Qxb5 35. a7 1-0

[Event "CPA Zevio 2017"]
[Site "?"]
[Date "2017.01.15"]
[Round "2.2"]
[White "Zenari, Marco"]
[Black "Di Giovanni, Giuseppe"]
[Result "1-0"]
[WhiteElo "2024"]
[BlackElo "1784"]
[PlyCount "49"]
[EventDate "2017.??.??"]

1. e4 c6 2. d4 g6 3. Bd3 d5 4. e5 Bg7 5. Nf3 Nh6 6. h3 O-O 7. O-O f6 8. Bf4 Nf7
9. exf6 Bxf6 10. c3 Nd7 11. Re1 Re8 12. Be5 Nfxe5 13. dxe5 Bg7 14. Qc2 Nf8 15.
Nbd2 Ne6 16. Nf1 Nf4 17. Ng3 Rf8 18. Qd1 Nxd3 19. Qxd3 e6 20. Qe3 b6 21. a4 Bb7
22. Nd4 Qe7 23. a5 Rab8 24. Qe2 Ba8 25. Qg4 1-0

[Event "CPA Zevio 2017"]
[Site "?"]
[Date "2017.01.15"]
[Round "2.3"]
[White "Abdelaziz, Jimchi"]
[Black "Oppici, Gabriele"]
[Result "0-1"]
[WhiteElo "1720"]
[BlackElo "2018"]
[PlyCount "80"]
[EventDate "2017.??.??"]

1. d4 d6 2. c4 Nf6 3. Nc3 g6 4. Bg5 Bg7 5. Qd2 Nbd7 6. Nf3 e5 7. dxe5 dxe5 8.
O-O-O h6 9. Bh4 g5 10. Bg3 e4 11. Nd4 O-O 12. Ndb5 Ne8 13. Nxe4 Qe7 14. f3 Nb6
15. e3 Be6 16. Qc2 a6 17. Nd4 Bd7 18. Qd3 f5 19. Nc3 c5 20. Nb3 Be6 21. Bd6 Qf7
22. Bxf8 Bxc4 23. Qc2 Qxf8 24. Bxc4+ Nxc4 25. Rhe1 b5 26. Qd3 Nc7 27. e4 f4 28.
Re2 Ne3 29. Rxe3 fxe3 30. Qxe3 Ne6 31. Nd5 c4 32. Nd2 Nc5 33. Kc2 Nd3 34. Rb1
Rd8 35. Nf1 Nb4+ 36. Nxb4 Qxb4 37. a3 Qa4+ 38. b3 Qxa3 39. bxc4 Qa2+ 40. Kc1
Qxc4+ 0-1

[Event "CPA Zevio 2017"]
[Site "?"]
[Date "2017.01.15"]
[Round "2.4"]
[White "Zanchetta, Nicola"]
[Black "De Paoli, Emilio"]
[Result "0-1"]
[WhiteElo "1967"]
[BlackElo "1765"]
[PlyCount "98"]
[EventDate "2017.01.24"]

1. e4 e6 2. d3 b6 3. g3 Bb7 4. Bg2 d5 5. Nd2 g6 6. Ngf3 Bg7 7. O-O Ne7 8. h4 c5
9. Re1 dxe4 10. Nxe4 Bxe4 11. Rxe4 Nbc6 12. h5 gxh5 13. Ng5 h6 14. Nxf7 Kxf7
15. Qxh5+ Kg8 16. Rxe6 Rc8 17. Bxh6 Nd4 18. Qg4 Nef5 19. Bxg7 Nxg7 20. Rg6 Rc7
21. c4 Rh7 22. Re1 Qf8 23. Re5 Kh8 24. Be4 Rf7 25. f4 Ngf5 26. Bxf5 Rxf5 27.
Rxf5 Nxf5 28. Qg5 Ng7 29. Qe5 Rh5 30. Qc7 Kh7 31. Rg4 Qf6 32. Qxa7 Qxb2 33.
Rxg7+ Qxg7 34. Qxg7+ Kxg7 35. Kg2 Rh8 36. Kf3 Kf6 37. Ke4 Ke6 38. g4 Ra8 39. d4
Rxa2 40. d5+ Kd6 41. g5 Rc2 42. Kd3 Rc1 43. g6 Rg1 44. f5 Ke5 45. d6 Kxf5 46.
d7 Rd1+ 47. Kc2 Rxd7 48. Kb3 Kxg6 49. Ka4 Rd6 0-1

[Event "CPA Zevio 2017"]
[Site "?"]
[Date "2017.01.15"]
[Round "2.5"]
[White "Negro, Raffaele"]
[Black "Ferrara, Pietro"]
[Result "1-0"]
[WhiteElo "1804"]
[BlackElo "1915"]
[PlyCount "87"]
[EventDate "2017.??.??"]

1. d4 d5 2. Bf4 c5 3. e4 dxe4 4. d5 Nf6 5. Nc3 Bg4 6. Bb5+ Nbd7 7. f3 exf3 8.
Nxf3 a6 9. Bxd7+ Qxd7 10. h3 Bh5 11. g4 Nxg4 12. hxg4 Qxg4 13. Rxh5 Qxh5 14.
Bh2 g5 15. Qe2 g4 16. Ne5 Qh4+ 17. Qf2 Qxf2+ 18. Kxf2 h5 19. Ne4 h4 20. Bf4 g3+
21. Kg2 Bh6 22. Bxh6 Rxh6 23. c4 Rh5 24. Nf3 f5 25. Nxc5 O-O-O 26. Rh1 Rdh8 27.
Rh3 R5h7 28. Ne6 Kd7 29. c5 Rh6 30. Ne5+ Ke8 31. b4 Rxe6 32. dxe6 Rh6 33. Nf3
Rxe6 34. Rxh4 Rg6 35. Ne5 Rf6 36. Rh8+ Rf8 37. Rxf8+ Kxf8 38. Kxg3 Kg7 39. Kf4
Kf6 40. a4 Ke6 41. c6 bxc6 42. Nxc6 Kd6 43. Nb8 a5 44. b5 1-0

[Event "CPA Zevio 2017"]
[Site "?"]
[Date "2017.01.15"]
[Round "2.6"]
[White "Dalla Vecchia, Paolo"]
[Black "Fiscato, Claudio"]
[Result "1-0"]
[WhiteElo "1872"]
[BlackElo "1703"]
[PlyCount "74"]
[EventDate "2017.??.??"]

1. d4 Nf6 2. Nf3 e6 3. Bg5 Be7 4. Nbd2 b6 5. e4 d5 6. Bd3 Bb7 7. Qe2 c5 8. Bb5+
Nfd7 9. Bxe7 Qxe7 10. exd5 Bxd5 11. c4 Bb7 12. dxc5 Qxc5 13. O-O-O O-O 14. Ne4
Qc7 15. Nd6 Bc6 16. Bxc6 Nxc6 17. Rd2 Nf6 18. Rhd1 a6 19. Kb1 Rfd8 20. Ne4 Nxe4
21. Qxe4 Rxd2 22. Rxd2 Rc8 23. Ng5 g6 24. Nxe6 Qe5 25. Qxe5 Nxe5 26. Rd8+ Rxd8
27. Nxd8 Nxc4 28. Nc6 Kf8 29. Kc2 Ke8 30. Nb4 a5 31. Nd5 h5 32. Kc3 Nd6 33.
Nxb6 Kd8 34. f3 Kc7 35. Nc4 Nb7 36. Kb3 Nc5+ 37. Ka3 a4 1-0

[Event "CPA Zevio 2017"]
[Site "?"]
[Date "2017.01.15"]
[Round "2.7"]
[White "Pieropan, Giorgio"]
[Black "Avanzini, Angelo"]
[Result "1-0"]
[WhiteElo "1836"]
[BlackElo "1522"]
[PlyCount "134"]
[EventDate "2017.??.??"]

1. e4 c5 2. Nf3 Nc6 3. Bb5 d6 4. Bxc6+ bxc6 5. O-O g6 6. Nc3 Bg7 7. Re1 e5 8.
d3 Nf6 9. Bg5 O-O 10. Qd2 Re8 11. h3 Bb7 12. Nd1 Qc7 13. Bh6 d5 14. Bxg7 Kxg7
15. Qc3 Qe7 16. exd5 Nxd5 17. Qxe5+ Qxe5 18. Rxe5 Rxe5 19. Nxe5 Re8 20. Nf3 Bc8
21. Kf1 h5 22. a3 Re7 23. Nd2 Bf5 24. Nc4 Kf6 25. Nde3 Bc8 26. Re1 Ba6 27. Nd6
Re6 28. Nec4 Rxe1+ 29. Kxe1 Ke6 30. g3 Nb6 31. Nxb6 axb6 32. Ne4 Bc8 33. Kd2
Ke5 34. h4 Be6 35. Ke3 Bd5 36. Ng5 f6 37. Nh3 Kf5 38. f3 g5 39. Nf2 gxh4 40.
gxh4 c4 41. d4 b5 42. Nd1 Ke6 43. Nc3 Kf5 44. Ne2 Bf7 45. Ng3+ Ke6 46. c3 Bg6
47. Kf4 Kd5 48. Nf5 Ke6 49. Ne3 Bb1 50. a4 bxa4 51. Nxc4 Bc2 52. Ne3 Bg6 53.
Kg3 Bh7 54. Kf2 Bd3 55. Ke1 Bh7 56. Kd2 Bb1 57. c4 Ba2 58. Kc3 Bb3 59. Kb4 Kd7
60. Kc5 Kc7 61. d5 cxd5 62. Nxd5+ Kb7 63. Nxf6 Bd1 64. Nxh5 Bxf3 65. Nf4 Be4
66. Kb4 Bc2 67. Nd5 Bd1 1-0

[Event "CPA Zevio 2017"]
[Site "?"]
[Date "2017.01.15"]
[Round "2.8"]
[White "Pizzamano, Maria"]
[Black "Peloni, Davide"]
[Result "1-0"]
[WhiteElo "1349"]
[BlackElo "1742"]
[PlyCount "45"]
[EventDate "2017.??.??"]

1. e4 c6 2. d4 d5 3. exd5 cxd5 4. Nf3 Nf6 5. Bf4 Nc6 6. Bb5 Bd7 7. O-O a6 8.
Ba4 e6 9. c3 Rc8 10. Nbd2 Be7 11. Re1 O-O 12. Bc2 h6 13. Nb3 Na5 14. Qd3 Bb5
15. Qd2 Nc4 16. Qc1 Nd7 17. Bxh6 gxh6 18. Qxh6 Nf6 19. Ne5 Re8 20. Nxc4 dxc4
21. Re5 Ne4 22. Bxe4 Bf6 23. Bh7+ 1-0

[Event "CPA Zevio 2017"]
[Site "?"]
[Date "2017.01.15"]
[Round "2.9"]
[White "Jirillo, Antonio"]
[Black "Steccanella, Willi"]
[Result "0-1"]
[WhiteElo "1593"]
[BlackElo "1859"]
[PlyCount "72"]
[EventDate "2017.??.??"]

1. d4 f5 2. Bg5 Nf6 3. Nc3 d5 4. g3 Be6 5. Bxf6 exf6 6. e3 c6 7. Nge2 Nd7 8.
Bg2 Bd6 9. O-O g5 10. a3 h5 11. f4 h4 12. Na2 Qe7 13. Qe1 h3 14. Bh1 g4 15. Nb4
O-O 16. Nd3 a5 17. c3 Nb6 18. b4 Nc4 19. Nec1 Bc8 20. Nc5 axb4 21. cxb4 b6 22.
N5d3 Rxa3 23. Rxa3 Nxa3 24. Qc3 Nc4 25. Re1 Ba6 26. Kf2 Ra8 27. Nb3 Bb5 28. Re2
Ra4 29. Qc2 Na3 30. Bxd5+ cxd5 31. Qc8+ Kf7 32. Qxf5 Bxd3 33. Qxd3 Qe4 34. Qxe4
dxe4 35. Nd2 f5 36. Nc4 Nxc4 0-1

[Event "CPA Zevio 2017"]
[Site "?"]
[Date "2017.01.15"]
[Round "2.11"]
[White "Tencheni, Maurizio"]
[Black "Magnabosco, Mauro Denis"]
[Result "1/2-1/2"]
[WhiteElo "1690"]
[BlackElo "1767"]
[PlyCount "71"]
[EventDate "2017.??.??"]

1. c4 c5 2. e3 e6 3. b3 Nf6 4. Bb2 Be7 5. Nf3 d6 6. Be2 Nc6 7. O-O O-O 8. d3 b6
9. a3 Bb7 10. Nbd2 Qc7 11. Rc1 Rad8 12. Qc2 Qc8 13. Rfe1 d5 14. cxd5 Rxd5 15.
Qb1 Qd8 16. h3 Rd7 17. Nc4 Qa8 18. Bf1 Rfd8 19. Rcd1 Ne8 20. d4 f6 21. Bc3 Nc7
22. dxc5 Bxc5 23. b4 Bf8 24. Nd4 Ne7 25. Nd2 e5 26. N4f3 Kh8 27. e4 Nc6 28. Nb3
Ne7 29. Nfd2 Ne6 30. f3 Nc6 31. Bb5 a6 32. Bc4 Ncd4 33. Nxd4 Nxd4 34. Nb3 Nxb3
35. Qxb3 b5 36. Be2 1/2-1/2